Correo literario de la Europa (Record no. 728)

MARC details
000 -LEADER
campo de control de longitud fija 00895nas a22002291i#4500
001 - NÚMERO DE CONTROL
campo de control 728
003 - IDENTIFICADOR DE NÚMERO DE CONTROL
campo de control ES-MaACL
005 - FECHA Y HORA DE LA ÚLTIMA TRANSACCIÓN
campo de control 20250724062533.0
007 - CAMPO FIJO DE DESCRIPCIÓN FÍSICA--INFORMACIÓN GENERAL
campo de control de longitud fija t|
008 - DATOS DE LONGITUD FIJA--INFORMACIÓN GENERAL
campo de control de longitud fija 950801d17811787sp | | 1 ||pa d
080 ## - NÚMERO DE LA CLASIFICACIÓN DECIMAL UNIVERSAL
Número de la Clasificación Decimal Universal 460
245 00 - MENCIÓN DEL TÍTULO
Título Correo literario de la Europa
Resto del título :en el qual se da noticia de los libros nuevos, de las invenciones y adelantamientos hechos en Francia, y otros reynos extrangeros, pertenecientes a las ciencias, agricultura, comercio, artes y oficios /
Mención de responsabilidad, etc. [dir. Joaquín de Escartín].
260 ## - PUBLICACIÓN, DISTRIBUCIÓN, ETC.
Lugar de publicación, distribución, etc. Madrid :
Nombre del editor, distribuidor, etc. Hilario Santos Alonso,
Fecha de publicación, distribución, etc. 1781-1787.
300 ## - DESCRIPCIÓN FÍSICA
Extensión 1 v. ;
Dimensiones 21 cm.
310 ## - PERIODICIDAD ACTUAL
Periodicidad actual Semanal
362 0# - FECHAS DE PUBLICACIÓN Y/O DESIGNACIÓN SECUENCIAL
Fecha de publicación y/o designación secuencial N. 1 (31 mayo 1781)- ; [2ª época], n. 1 (5 oct. 1786)-n. 13 (4 en. 1787)
650 #7 - PUNTO DE ACCESO ADICIONAL DE MATERIA--TÉRMINO DE MATERIA
Término de materia o nombre geográfico como elemento de entrada Cultura
Fuente del encabezamiento o término embne
9 (RLIN) 170963
700 1# - ENTRADA AGREGADA--NOMBRE PERSONAL
Nombre de persona Escartín, Joaquín de,
Término indicativo de función/relación
9 (RLIN) 227508
852 ## - LOCALIZACIÓN
Ubicación ES-MaACL
Número de control de estantería R-833
Encuadernación Olim: G-1215
866 #0 - MENCIÓN TEXTUAL DE FONDOS--UNIDAD BIBLIOGRÁFICA BÁSICA
Fondos 1781.
Holdings
Estatus retirado Estado de pérdida Estado de daño No para préstamo Colección Biblioteca de origen Biblioteca actual Ubicación en estantería Fecha de adquisición Fuente de adquisición Total de préstamos Signatura topográfica completa Código de barras Visto por última vez Precio de reemplazo Tipo de ítem Koha
        Periódicos y Revistas Biblioteca del Ateneo de Madrid Biblioteca del Ateneo de Madrid Depósito 17/01/2008     R-833 1000742 23/02/2023 23/02/2023 Revista